000 00542nam a2200193 a 4500
005 20140412111308.0
008 000818s19uu xx 00 eng d
020 _a1-85854-368-1
050 _aTR(PS E
_bOf1 1996
100 _aDavies, Gill
245 _aOff to school /
_cby Gill Davies; illustrated by Stephanie Longfoot.
260 _aEngland :
_bBrimax Books Ltd,
_c1996.
300 _a1 v. (unp.) ; ill.
440 _aNow I am Big
650 _aSchools--Fiction
650 _aChildren stories
999 _c103799
_d103799